000
00252nam a22001097a 4500
008
170116b xxu||||| |||| 00| 0 eng d
020
_a
9780781715621
041
_a
eng
080
_2
6TH
_a
618.2
245
_a
NURSING RESEARCH
_c
POLIT, D.F
942
_2
udc
_c
BK
999
_c
2954
_d
2954